Stotisíc eur na rekonštrukciu Materskej školy na Poľovníckej

Bibliographic Details
Main Author: (k) (Author)
Format: Article
Language:Slovak
Hungarian
PhysicalDescription:Fotografie
ISSN:1338-9068
Subjects:

MARC

LEADER 00000nab a2200000 4500
001 vtls012008651
003 SK-MaSNL
005 20260303170703.0
008 201211|2020 xo |||| || ||00 0|slo
015 |a SNBRB2020/11 
040 |a DSZK  |b slo  |c DSZK  |e rda 
041 |a slo  |a hun 
043 |a e-xo--- 
044 |a xo  |c SK 
072 7 |a 373.2/.3  |x Predškolská a primárna výchova a vzdelávanie  |2 konspekt 
072 7 |a 72  |x Architektúra  |2 konspekt 
080 |a 727:373.23  |x (437.612)  |2 2011 
100 1 |a (k)  |4 aut  |9 425904 
245 1 0 |a Stotisíc eur na rekonštrukciu Materskej školy na Poľovníckej  |c [autor] (k) 
300 |b Fotografie 
336 |a text  |b txt  |2 rdacontent 
337 |a bez média  |b n  |2 rdamedia 
338 |a zväzok  |b nc  |2 rdacarrier 
546 |a Dvojjazyčné vydanie 
610 2 7 |a Materská škola, Poľovnícka ulica (Šamorín, Slovensko)  |2 dszk  |9 1194169 
650 0 7 |a rekonštrukcie  |2 SNKPH  |9 24616 
651 7 |a Šamorín (Slovensko)  |2 SNKPHgeo  |9 28925 
773 0 |t Šamorín a okolie = Somorja és vidéke  |g Roč. XXX, č. 11 (2020), s. 3  |x 1338-9068 
958 |a SK 
958 |a RG 
999 |c 2078366  |d 2080296